MARC

LEADER 00000nas a2200000 a 4500
001 ssj0009845
003 WaSeSS
005 20200512172242.0
006 m d
007 cr n
008 000630c19929999gw qr pss 0 0eng c
010 |a  2005233987 
022 |a 1573-3475  |l 1058-0476  |y 1058-0476 
030 |a JFEIEE 
035 |a (WaSeSS)ssj0009845 
040 |a F#A  |b eng  |c F#A  |d OCLCQ  |d GUA  |d U9S  |d OCLCQ  |d SERSO  |d OCLCQ  |d BUF  |d MYG  |d OCLCF  |d OCLCO  |d OCLCQ  |d AUD  |d VT2  |d NJT  |d OCLCE  |d AU@  |d FJM  |d UAB  |d CEF  |d J9U  |d FIE  |d OCLCA  |d DLC  |d OCLCA  |d WaSeSS 
042 |a pcc 
050 0 0 |a HQ1 
060 0 0 |a W1  |b JO6443G 
082 0 4 |a 306.85 
130 0 |a Journal of family and economic issues (Online) 
245 1 0 |a Journal of family and economic issues  |h [electronic resource]. 
260 |a [New York, N.Y.] :  |b Human Sciences Press 
260 3 |3 Sept. 2004- :  |a [Berlin] :  |a Springer US 
310 |a Quarterly 
362 1 |a Print began with vol. 13, no. 1 (spring 1992). 
506 |a License restrictions may limit access. 
538 |a Mode of access: World Wide Web. 
588 |a Description based on: Vol. 18, no. 1 (Dec. 1997); title from contents screen (SpringerLink, viewed Apr. 1, 2005). 
588 |a Latest issue consulted: Vol. 40, issue 4 (Dec 2019) (SpringerLink, viewed Nov. 20, 2019). 
650 0 |a Families  |x Economic aspects  |v Periodicals. 
650 0 |a Lifestyles  |v Periodicals. 
650 0 |a Interpersonal relations  |v Periodicals. 
650 0 |a Marriage  |v Periodicals. 
650 0 |a Intimacy (Psychology)  |v Periodicals. 
650 6 |a Famille  |x Aspect économique  |v Périodiques. 
650 6 |a Style de vie  |v Périodiques. 
650 6 |a Relations humaines  |v Périodiques. 
650 6 |a Mariage  |v Périodiques. 
650 6 |a Intimité  |v Périodiques. 
650 6 |a Vie sexuelle  |v Périodiques. 
650 7 |a Families  |x Economic aspects.  |2 fast  |0 (OCoLC)fst01728871 
650 7 |a Interpersonal relations.  |2 fast  |0 (OCoLC)fst00977397 
650 7 |a Intimacy (Psychology)  |2 fast  |0 (OCoLC)fst00977714 
650 7 |a Lifestyles.  |2 fast  |0 (OCoLC)fst00998417 
650 7 |a Marriage.  |2 fast  |0 (OCoLC)fst01010443 
650 2 |a Family. 
650 2 |a Life Style. 
650 2 |a Socioeconomic Factors. 
650 1 7 |a Arbeid.  |2 gtt 
650 1 7 |a Gezin.  |2 gtt 
650 7 |a Familie  |2 gnd 
650 7 |a Wirtschaft  |2 gnd 
650 7 |a Zeitschrift  |2 gnd 
650 7 |a Familienökonomik.  |2 stw 
650 7 |a Familiensoziologie.  |2 stw 
650 7 |a Ehe.  |2 stw 
650 7 |a Familie.  |2 stw 
650 7 |a Geschlecht.  |2 stw 
651 7 |a USA.  |2 swd 
655 0 |a Electronic journals. 
776 0 8 |i Print version:  |t Journal of family and economic issues  |x 1058-0476  |w (DLC) 92640617  |w (OCoLC)24203047 
780 0 0 |t Lifestyles (New York, N.Y. : Online)  |w (DLC) 2013242226  |w (OCoLC)61124464 
850 |a DLC 
856 4 0 |z Full text available from Research Library: 04/01/1998 to 1 year ago  |u https://search.proquest.com/publication/37909